Alle Teams bei Handball-Weltmeisterschaften (Herren) - Statistiken

Allgemein
  • Dieses Quiz wurde 243 mal gespielt
    178 seit der letzten Aktualisierung
  • Das Durchschnittsergebnis liegt bei 43 aus 60
Antwortstatistiken
TN Beste Platzierung (nur 1-3) Land % Korrekt
26 Sieger (zuletzt 2007) Deutschland
100%
25 Sieger (zuletzt 2023) Dänemark
99%
24 Sieger (zuletzt 2017) Frankreich
99%
22 Sieger (zuletzt 2013) Spanien
98%
26 Sieger (zuletzt 1999) Schweden
97%
17 Zweiter (zuletzt 2019) Norwegen
96%
22 Sieger (zuletzt 1997) Russland/Sowjetunion
96%
15 Sieger (2009) Kroatien
93%
5 - Portugal
93%
17 Zweiter (2007) Polen
92%
7 - USA
91%
17 - Ägypten/VAR
90%
16 - Brasilien
90%
7 Zweiter Österreich
89%
11 - Schweiz
89%
14 - Argentinien
88%
2 - Niederlande
88%
10 Dritter (2017) Slowenien
87%
1 - Italien
86%
15 - Japan
86%
22 Zweiter (1986) Ungarn
85%
7 - Tschechien
84%
1 - Belgien
82%
2 - Slowakei
82%
9 - Serbien/Serbien und Montenegro
81%
22 - Island
80%
14 - Südkorea/Korea
80%
1 - Finnland
78%
14 Sieger (1974) Rumänien
78%
2 - China
77%
3 - Kanada
75%
2 - Ukraine
74%
1 - Griechenland
72%
7 - Australien
71%
9 Zweiter (2017) Katar
68%
7 - Chile
67%
16 - Algerien
66%
2 - Bulgarien
66%
16 - Tunesien
66%
8 - Marokko
65%
10 - Saudi-Arabien
64%
10 Sieger (1986) Jugoslawien
63%
8 - Nordmazedonien
62%
5 - Belarus
61%
1 - Bosnien & Herzegowina
61%
1 - Litauen
59%
2 - Montenegro
57%
2 - Iran
55%
2 - Uruguay
51%
8 - DDR
50%
1 - Luxemburg
41%
11 Sieger (1967) Tschechoslowakei
41%
7 - Kuba
39%
5 - Bahrain
38%
5 - Angola
34%
1 - DR Kongo
34%
1 - Nigeria
34%
8 - Kuwait
29%
3 - Grönland
28%
2 - Kap Verde
20%
Keine übereinstimmenden Quizze gefunden
Verteilung der Resultate
Anzahl Personen mit jedem Resultat
Perzentil nach korrekt beantworteten Fragen
Ihre Resultats-Entwicklung
Sie haben dieses Quiz seit der letzten Aktualisierung nicht gespielt